000 00408nam a2200145 i 4500
001 20924
003 ES-MaACL
007 t|
008 021119s1953 sp ||||1| spa d
100 1 _aAdroer, Ignacio María.
_918482
245 1 0 _aProyecciones cónicas /
_cpor Ignacio Mª Adroer.
260 _aMadrid :
_bDossat,
_c1953.
300 _aXII, 247 p. :
_bil. ;
_c29 cm.
852 _aES-MaACL
_jC-6748
_bR.35719
999 _c20924
_d20924